000 00938 a2200253 4500
001 34634
005 20260407155632.0
008 260407a1994 arg spa d
003 AR-UNSa-BCEJYS
040 _aAR-UNSa-BCEJYS
_bspa
_cAR-UNSa-BCEJYS
080 _a658.012
_xMétodos (Management...)
245 1 0 _aLa quinta disciplina en la práctica
_pcómo construir una organización inteligente
020 _a87-7577-393-1
264 1 _aBuenos Aires :
_bGranica
_c1994
300 _a593 p.
_c23 cm.
505 _a1. Los primneros pasos - 2. Pensamiento sistémico - 3. Dominio personal - 4. Modelos mentales - 5. Visiones compartidas - 6. Aprendizaje en equipo - 7. Aplicaciones prácticas - 8. Fronteras - 9. Apostilla
942 _cBK
590 _aniveau_biblio:m niveau_hierar:0
100 1 _aSenge, Perter M.
700 1 _aRoberts, Charlotte
700 1 _aRoss, Richard B.
700 1 _aSmith, Bryan
700 1 _akleiner, Art
999 _c2470
_d2470